Gas processing : environmental aspects and methods /

Bibliographic Details
Main Author: Speight, James G.
Format: Book
Language:English
Published: Oxford [England] ; Boston : Butterworth-Heinemann, 1993.
Subjects:

MARC

Tag First Indicator Second Indicator Subfields
LEADER 00000cam a2200000 a 4500
001 in00001152421
005 20151001060721.0
008 921208s1993 enkab b 001 0 eng
010 |a  92043354  
015 |a GB93-30645 
020 |a 0750611324 
035 |a (OCoLC)27172539 
035 |9 AGD0491AM 
040 |a DLC  |c DLC  |d UKM  |d TXA  |d UtOrBLW 
049 |a TXAM 
050 0 0 |a TP751  |b .S66 1993 
082 0 0 |a 665.7  |2 20 
100 1 |a Speight, James G. 
245 1 0 |a Gas processing :  |b environmental aspects and methods /  |c James G. Speight. 
264 1 |a Oxford [England] ;  |a Boston :  |b Butterworth-Heinemann,  |c 1993. 
300 |a xiii, 338 pages :  |b illustrations, maps ;  |c 25 cm. 
336 |a text  |b txt  |2 rdacontent 
337 |a unmediated  |b n  |2 rdamedia 
338 |a volume  |b nc  |2 rdacarrier 
504 |a Includes bibliographical references and index. 
650 0 |a Gas manufacture and works. 
650 0 |a Natural gas. 
653 0 |a Environment  |a Pollution  |a By  |a Industries  |a Control 
999 |a MARS 
999 f f |s 1dba58ea-6b5e-3903-8dc8-d762aec31fb4  |i 478ed409-1638-3e56-971c-0221adb22433  |t 0 
952 f f |p normal  |a Texas A&M University  |b College Station  |c Sterling C. Evans Library  |d Evans: Library Stacks  |t 0  |e TP751 .S66 1993  |h Library of Congress classification  |i unmediated -- volume  |m A14817654778 
998 f f |a TP751 .S66 1993  |t 0  |l Evans: Library Stacks